| 000 | 01810cam a2200457 i 4500 | ||
|---|---|---|---|
| 999 |
_c460 _d460 |
||
| 001 | 19111799 | ||
| 003 | OSt | ||
| 005 | 20190815103918.0 | ||
| 008 | 160527t20162016nyua j 001 0 eng d | ||
| 010 | _a 2016303005 | ||
| 020 | _a9780241227893 | ||
| 035 | _a(OCoLC)ocn908991598 | ||
| 040 |
_aYDXCP _beng _cYDXCP _erda _dOCLCQ _dOCLCO _dBTCTA _dBDX _dOCLCQ _dCRM _dOCLCO _dPCX _dCLE _dNBO _dUAP _dOCLCF _dIHX _dDLC |
||
| 042 | _alccopycat | ||
| 082 | 0 | 4 |
_a909 HIB _223 |
| 100 | 1 |
_aHibbert, Clare, _d1970- _eauthor. |
|
| 245 | 1 | 0 |
_a100 events that made history : _bmemorable moments that shaped the modern world / _cwritten by Clare Hibbert, Andrea Mills, Rona Skene, and Sarah Tomley ; consultant, Philip Parker. |
| 246 | 3 | _aOne hundred events that made history | |
| 264 | 1 |
_aLondon _bDK Publishing, _c2016. |
|
| 264 | 4 | _c©2016 | |
| 300 |
_a128 pages : _billustrations (chiefly color) ; maps _c29 cm |
||
| 336 |
_atext _btxt _2rdacontent |
||
| 336 |
_astill image _bsti _2rdacontent |
||
| 337 |
_aunmediated _bn _2rdamedia |
||
| 338 |
_avolume _bnc _2rdacarrier |
||
| 500 | _aIncludes index. | ||
| 520 | _aThis book features fun, informative text and illustrations about one hundred events from history that shaped the modern world. | ||
| 521 | 8 | _aAges 8-11. | |
| 650 | 0 |
_aWorld history _vJuvenile literature. |
|
| 650 | 0 |
_aWorld history _vPictorial works. |
|
| 650 | 1 | _aWorld history. | |
| 650 | 7 |
_aWorld history. _2fast _0(OCoLC)fst01181345 |
|
| 655 | 7 |
_aJuvenile works. _2fast _0(OCoLC)fst01411637 |
|
| 700 | 1 |
_aMills, Andrea, _eauthor. |
|
| 700 | 1 |
_aSkene, Rona, _eauthor. |
|
| 700 | 1 |
_aTomley, Sarah, _eauthor. |
|
| 700 | 1 |
_aParker, Philip, _d1965- _econsultant. |
|
| 906 |
_a7 _bcbc _ccopycat _d2 _encip _f20 _gy-gencatlg |
||
| 942 |
_2ddc _cNFIC |
||